Zambia at 42 (Record no. 83375)

MARC details
000 -LEADER
fixed length control field 01020nam a2200217 a 4500
008 - FIXED-LENGTH DATA ELEMENTS--GENERAL INFORMATION
fixed length control field 070827s2006 ||||||||||||||||| || u
050 ## - LIBRARY OF CONGRESS CALL NUMBER
Classification number HC 915 Zam
110 ## - MAIN ENTRY--CORPORATE NAME
Corporate name or jurisdiction name as entry element Republic of Zambia. High Commission, New Delhi (India)
245 10 - TITLE STATEMENT
Title Zambia at 42
Statement of responsibility, etc. produced by Zambia High Commission, New Delhi (India)
260 ## - PUBLICATION, DISTRIBUTION, ETC.
Place of publication, distribution, etc. New Delhi
Name of publisher, distributor, etc. Zambia High Commission, New Delhi (India)
Date of publication, distribution, etc. 2006
260 ## - PUBLICATION, DISTRIBUTION, ETC.
Place of publication, distribution, etc. New Delhi
Name of publisher, distributor, etc. High Commissioner of the Republic of Zambia
Date of publication, distribution, etc. 2006
300 ## - PHYSICAL DESCRIPTION
Extent 84p.: ill.
350 ## -
-- 0.00
650 ## - SUBJECT ADDED ENTRY--TOPICAL TERM
Topical term or geographic name entry element ECONOMIC INDICATORS--ZAMBIA--PERIODICALS
650 #0 - SUBJECT ADDED ENTRY--TOPICAL TERM
Topical term or geographic name entry element ECONOMICS
650 #0 - SUBJECT ADDED ENTRY--TOPICAL TERM
Topical term or geographic name entry element ZAMBIA--POLITICS AND GOVERNMENT
650 ## - SUBJECT ADDED ENTRY--TOPICAL TERM
Topical term or geographic name entry element ZAMBIA--ECONOMIC CONDITIONS--2006--PERIODICALS
650 ## - SUBJECT ADDED ENTRY--TOPICAL TERM
Topical term or geographic name entry element ZAMBIA
995 ## -
-- SPECIAL COLLECTIONS
-- 0.00
-- 737961
-- CBU-MAIN LIBRARY (Kitwe)
-- 1
-- 0.00
-- ZAM HC 915 ZAM
-- 2
-- AVAILABLE
-- Oct 4, 2007
-- 55602
-- Zambiana Collection
995 ## -
-- SPECIAL COLLECTIONS
-- 0.00
-- 737315
-- CBU-MAIN LIBRARY (Kitwe)
-- 1
-- 0.00
-- ZAM HC 915 ZAM
-- 1
-- AVAILABLE
-- Aug 27, 2007
-- 55295
-- Zambiana Collection
999 ## -
-- 83375
-- 83375
Holdings
Withdrawn status Lost status Source of classification or shelving scheme Damaged status Not for loan Permanent Location Current Location Shelving location Date acquired Total Checkouts Full call number Barcode Date last seen Copy number Price effective from Koha item type
          CBU-MAIN LIBRARY, KITWE. CBU-MAIN LIBRARY, KITWE.   10/30/2023   ZAM HC 915 Zam 55602 10/30/2023 1 10/30/2023 SPECIAL COLLECTION
          CBU-MAIN LIBRARY, KITWE. CBU-MAIN LIBRARY, KITWE.   10/30/2023   ZAM HC 915 Zam 55295 10/30/2023 2 10/30/2023 SPECIAL COLLECTION